Catholic University of Zimbabwe Library
Online Public Access Catalogue
(OPAC)

Cyprinid Fishes (Record no. 12823)

MARC details
000 -LEADER
fixed length control field 00210 a2200097 4500
245 ## - TITLE STATEMENT
Title Cyprinid Fishes
Medium Text
020 ## - INTERNATIONAL STANDARD BOOK NUMBER
International Standard Book Number QL638.C94C96
100 ## - MAIN ENTRY--PERSONAL NAME
Personal name Ian J Winfield
650 ## - SUBJECT ADDED ENTRY--TOPICAL TERM
Topical term or geographic name entry element Fisheries
084 ## -
-- QL638.C94C96

No items available.

OPENING HOURS

Weekdays: 0815hrs - 1800hrs
Weekends:0900hrs - 1200hrs

Closed for Mass:

Mon, Thur: 1200hrs - 1300hrs
Sunday & Public Holiday’s

CALL SUPPORT

0242-570570, 0242-570169
09200664, +263 8644140602

LOCATION

18443, Cranborne Avenue, Hatfield, Harare

Other Links


©2021 | CUZ Library